| 000 | 00561nam a22001937a 4500 | ||
|---|---|---|---|
| 003 | BUBTL | ||
| 008 | 170513b xxu||||| |||| 00| 0 eng d | ||
| 020 | _a978-085709-433-9 | ||
| 082 | _a677GUA | ||
| 100 |
_91182 _aGulrajani,M.L. |
||
| 245 | _aAdvances in the Dyeing and Finishing of Technical Textiles | ||
| 260 |
_aOxford _bWoodhead Publishing _cc2013 |
||
| 300 |
_a[xxi],425p. _c21cm. |
||
| 650 | 0 |
_9909 _aTextile Engineering |
|
| 700 |
_91183 _aGulrajani,M.L. |
||
| 856 |
_k0 _l0 _yDownload |
||
| 942 |
_2ddc _cBK |
||
| 999 |
_c5442 _d5442 |
||